Littérature francaise. T2
Gespeichert in:
| 1. Verfasser: | |
|---|---|
| Format: | Buch |
| Sprache: | Undetermined |
| Veröffentlicht: |
Paris
Larousse
1968
|
| Schlagworte: | |
| Tags: |
Tag hinzufügen
Keine Tags, Fügen Sie den ersten Tag hinzu!
|
| Thư viện lưu trữ: | Trung tâm Học liệu Trường Đại học Cần Thơ |
|---|
| LEADER | 00506nam a2200181Ia 4500 | ||
|---|---|---|---|
| 001 | CTU_26733 | ||
| 008 | 210402s9999 xx 000 0 und d | ||
| 082 | |a 840.9 | ||
| 082 | |b A193/T2 | ||
| 100 | |a Antoine Adam | ||
| 245 | 0 | |a Littérature francaise. T2 | |
| 245 | 0 | |c Antoine Adam, Georges Lerminier | |
| 260 | |a Paris | ||
| 260 | |b Larousse | ||
| 260 | |c 1968 | ||
| 650 | |a french literature - history and criticism | ||
| 904 | |i Minh, 981019 | ||
| 980 | |a Trung tâm Học liệu Trường Đại học Cần Thơ | ||